| 000 | 01163nam0a2200337 4500 | ||
|---|---|---|---|
| 001 | RU\NLR\bibl\36532 | ||
| 005 | 20250615024410.0 | ||
| 010 |
_a5-8046-0050-8 _920000 |
||
| 021 |
_aRU _b99-14876 _9718 |
||
| 035 | _a(NLR Aleph) 000035612 | ||
| 090 |
_a182332 _c182332 |
||
| 100 | _a19990705d1999 |||y0rusy50 ca | ||
| 101 | 1 |
_arus _cger |
|
| 102 | _aRU | ||
| 105 | _aa ||||||||| | ||
| 200 | 1 |
_aЭнзимы - ключ к здоровью и долголетию _e[Пер. с нем.] _fКарл Рансбергер, Свен Ной |
|
| 210 |
_aСПб. и др. _cПитер _d1999 |
||
| 215 |
_a191 с. _cил. _d20 |
||
| 225 | 1 | _aСерия "Исцели себя сам" | |
| 606 | 0 |
_aФерменты _xЛечебное применение _91459021 _3RU\NLR\auth\66309236 |
|
| 606 | 0 |
_aФерменты в организме _9968435 _3RU\NLR\auth\6643955 |
|
| 686 | _aР281.776 | ||
| 686 | _aЕ902.534 | ||
| 700 | 1 |
_aРансбергер _bК. _gКарл _4070 |
|
| 701 | 1 |
_aНой _bС. _gСвен _4070 |
|
| 801 | 0 |
_aRU _bNLR _c19990705 _gPSBO |
|
| 801 | 1 |
_aRU _bNLR _c19990705 |
|
| 852 |
_aNLR _j99-3/6610 |
||
| 942 | _cBOOK | ||
| 980 | _aNB | ||